| 000 | 00575nam a22001697a 4500 | ||
|---|---|---|---|
| 008 | 131220b xxu||||| |||| 00| 0 eng d | ||
| 020 | _a0902879405 | ||
| 050 | _aLB1707.I61 1993 | ||
| 245 |
_aInternational Analyses of Teacher Education _cedited by Peter Gilroy and Michael Smith |
||
| 260 |
_aThames View _bCarfax Publiching Company _c1993 |
||
| 300 |
_a341p.; _c25cm. |
||
| 440 |
_aJet Papers _nNo.1 _96463 |
||
| 650 |
_aTeachers _xTraining of _xPhilosophy _96464 |
||
| 700 |
_aGilroy, Peter (ed.) _96465 |
||
| 700 |
_aSmith, Michael (ed.) _96466 |
||
| 942 |
_2lcc _cMONOGRAPH |
||
| 999 |
_c119485 _d119485 |
||